LEADER 01509nam 2200409 450 001 000013669 005 20050718115500.0 010 $a3-540-05556-8 100 $a20030523d1971----km-y0itay0103----ba 101 0 $aeng 102 $aDE 200 1 $aErgodic theory, entropy$fMeir Smorodinsky 210 $aBerlin [etc.]$cSpringer$d1971 215 $aIV, 64 p.$d26 cm. 225 2 $aLecture notes in mathematics$v214 410 0$12001$aLecture notes in mathematics 606 $aEntropia 606 $aOperatori$xTeoria 676 $a515.42$v(21. ed.)$9Calcolo integrale ed equazioni integrali. Teoria della misura e dell'integrazione 691 $a28Axx$9Classical measure theory 691 $a47A35$9Operator theory. General theory of linear operators. Ergodic theory 691 $a94A15$9Information and communication, circuits. Information theory, general 700 1$aSmorodinsky,$bMeir$0441320 801 0$aIT$bUniversità della Basilicata - B.I.A.$gRICA$2unimarc 912 $a000013669 996 $aErgodic theory, entropy$981557 997 $aUNIBAS BAS $aMONSCI BAS $aSCIENZE CAT $aEXT002$b01$c20030523$lBAS01$h1613 CAT $c20050601$lBAS01$h1755 CAT $abatch$b01$c20050718$lBAS01$h1051 CAT $c20050718$lBAS01$h1111 CAT $c20050718$lBAS01$h1141 CAT $c20050718$lBAS01$h1155 FMT Z30 -1$lBAS01$LBAS01$mBOOK$1BASA2$APolo Tecnico-Scientifico$2GEN$BCollezione generale$3MAT$631418$5S31418$820030523$f51$FRiservati LEADER 01658nam0 22003973i 450 001 RMR0012902 005 20231121125806.0 020 $aIT$b65-13451 100 $a19991110d1965 ||||0itac50 ba 101 | $aita 102 $ait 181 1$6z01$ai $bxxxe 182 1$6z01$an 200 1 $a˜La œcasina Vagnuzzi sulla via Flaminia$fPaola Hoffmann 210 $a[Roma]$cIstituto di studi romani$d©1965 215 $a34 p., 20 p. di tav.$cill.$d24 cm. 225 | $aQuaderni di storia dell'arte$v15 410 0$1001RMR0012841$12001 $aQuaderni di storia dell'arte$v15 606 $aRoma$xCase$xCasina Vagnuzzi$xvia Flaminia$2FIR$3RMLC422693$9I 606 $aValadier, Giuseppe$2FIR$3RMLC086728$9I 606 $aRoma$xVilla Sannesi$2FIR$3RMLC128733$9I 606 $aRoma$xCasina Vagnuzzi$2FIR$3RMLC203602$9I 676 $a643.1$9$v21 676 $a720.94563$9$v21 700 1$aHoffmann$b, Paola$3SBLV152491$4070$038130 801 3$aIT$bIT-01$c19991110 850 $aIT-RM0418 $aIT-RM0285 $aIT-RM0211 $aIT-FR0017 899 $aBIBLIOTECA ACCADEMIA NAZ. DEI LINCEI E CORSINIANA$bRM0418 899 $aBiblioteca Dell'Istituto Nazionale Di Studi Romani$bRM0285 899 $aFondazione Marco Besso$bRM0211 899 $aBiblioteca umanistica Giorgio Aprea$bFR0017 $eN 912 $aRMR0012902 950 0$aBiblioteca umanistica Giorgio Aprea$d 52DSR F 58$e 52FLS0000385055 VMB RS $fA $h20141201$i20141201 977 $a 10$a 13$a 14$a 52 996 $aCasina Vagnuzzi sulla via Flaminia$93634487 997 $aUNICAS